[Event "Mittelrhein Verbandsliga Sued 1920"]
[Site "Mittelrhein"]
[Date "2020.02.16"]
[Round "6.5"]
[White "Falkenberg, Hendrik"]
[Black "Meinecke, Florian"]
[Result "1-0"]
[WhiteElo "1863"]
[BlackElo "1910"]
[PlyCount "85"]
[EventDate "2019.09.29"]
[EventType "team-tourn"]
[EventRounds "9"]
[EventCountry "GER"]
[SourceTitle "EXT 2023"]
[Source "ChessBase"]
[SourceDate "2022.10.05"]
[SourceVersion "1"]
[SourceVersionDate "2022.10.05"]
[SourceQuality "1"]
[WhiteTeam "Bonn Stadtverwaltung II"]
[BlackTeam "Sankt Augustin Turm"]
[WhiteTeamCountry "GER"]
[BlackTeamCountry "GER"]

1. d4 d5 2. c4 e6 3. Nc3 Nf6 4. Nf3 c6 5. e3 Bd6 6. Bd3 Nbd7 7. 0-0 0-0 8. Bd2 dxc4 9. Bxc4 Nd5 10. e4 N5b6 11. Bb3 e5 12. d5 c5 13. Nb5 Nf6 14. Nxd6 Qxd6 15. Qe2 Bg4 16. a4 Nbd7 17. Rfe1 Kh8 18. a5 Rfc8 19. Ng5 Kg8 20. f3 Bh5 21. Bc4 h6 22. Nh3 Ne8 23. a6 b6 24. Bb5 Rc7 25. g4 Bg6 26. Qg2 f6 27. Nf2 Kh7 28. h4 Qe7 29. Nh3 c4 30. Bc6 Rac8 31. Kh2 Nb8 32. Bb7 Rd8 33. g5 Nd6 34. Rg1 Qf7 35. Rac1 fxg5 36. Bxg5 Nxb7 37. axb7 Rf8 38. f4 Qe8 39. d6 Rxb7 40. Be7 Rxf4 41. Nxf4 exf4 42. h5 Bxe4 43. Qxg7# 1-0

[Event "Bad Soden op U18"]
[Site "Bad Soden"]
[Date "2019.10.05"]
[Round "7"]
[White "Meinecke, Florian"]
[Black "Sever, Mustafa Batuhan"]
[Result "0-1"]
[WhiteElo "1987"]
[BlackElo "2017"]
[PlyCount "60"]
[EventDate "2019.10.03"]
[EventType "swiss"]
[EventRounds "9"]
[EventCountry "GER"]
[SourceTitle "EXT 2020"]
[Source "ChessBase"]
[SourceDate "2019.10.17"]
[SourceVersion "1"]
[SourceVersionDate "2019.10.17"]
[SourceQuality "1"]

1. d4 f5 2. Nf3 Nf6 3. e3 g6 4. c4 Bg7 5. Nc3 0-0 6. b3 d6 7. Bb2 c6 8. Be2 Qa5 9. Qc2 e5 10. dxe5 dxe5 11. 0-0 e4 12. Nd2 Be6 13. a3 Nbd7 14. b4 Qc7 15. c5 Ne5 16. Rfd1 g5 17. Nb3 Rae8 18. Nd4 Bc8 19. b5 f4 20. exf4 gxf4 21. g3 Ng6 22. Qb3+ Kh8 23. b6 axb6 24. cxb6 Qe5 25. Na4 e3 26. fxe3 fxg3 27. Nf3 gxh2+ 28. Nxh2 Qg3+ 29. Kh1 Ne4 30. Rg1 Nf2# 0-1

[Event "Bad Soden op U18"]
[Site "Bad Soden"]
[Date "2019.10.04"]
[Round "2"]
[White "Koellner, Ruben Gideon"]
[Black "Meinecke, Florian"]
[Result "1-0"]
[WhiteElo "2254"]
[BlackElo "1987"]
[PlyCount "75"]
[EventDate "2019.10.03"]
[EventType "swiss"]
[EventRounds "9"]
[EventCountry "GER"]
[SourceTitle "EXT 2020"]
[Source "ChessBase"]
[SourceDate "2019.10.17"]
[SourceVersion "1"]
[SourceVersionDate "2019.10.17"]
[SourceQuality "1"]

1. d4 d5 2. Bf4 c6 3. e3 Bf5 4. c4 e6 5. Qb3 Qc8 6. Nc3 Nf6 7. h3 Ne4 8. Nf3 Nd7 9. Rc1 Nxc3 10. bxc3 Be7 11. Be2 0-0 12. 0-0 Nb6 13. c5 Nd7 14. c4 Be4 15. cxd5 exd5 16. Nd2 Bg6 17. Qb2 b5 18. a4 a6 19. Ra1 Qb7 20. Ra3 Rfc8 21. Rfa1 Bd8 22. R1a2 Nf6 23. axb5 cxb5 24. Nb3 Bc7 25. Bxc7 Rxc7 26. Qa1 h6 27. Rxa6 Rxa6 28. Rxa6 Bc2 29. Rb6 Qc8 30. Rxb5 Qf5 31. Qb2 Ra7 32. Nc1 Ne4 33. f3 Qg5 34. Rb8+ Kh7 35. Qxc2 Qxe3+ 36. Kh1 Ra1 37. Rb1 Qf2 38. fxe4 1-0

[Event "Biel ATO op 52nd"]
[Site "Biel"]
[Date "2019.07.31"]
[Round "9"]
[White "Lips, Adrian"]
[Black "Meinecke, Florian"]
[Result "1/2-1/2"]
[WhiteElo "1817"]
[BlackElo "1968"]
[PlyCount "20"]
[EventDate "2019.07.20"]
[EventType "swiss"]
[EventRounds "9"]
[EventCountry "SUI"]
[SourceTitle "EXT 2020"]
[Source "ChessBase"]
[SourceDate "2019.10.17"]
[SourceVersion "1"]
[SourceVersionDate "2019.10.17"]
[SourceQuality "1"]

1. e4 c6 2. d4 d5 3. exd5 cxd5 4. Bd3 Nc6 5. c3 Nf6 6. Bf4 e6 7. Nf3 Bd6 8. Bxd6 Qxd6 9. 0-0 0-0 10. Nbd2 Re8 1/2-1/2

[Event "Biel ATO op 52nd"]
[Site "Biel"]
[Date "2019.07.30"]
[Round "8"]
[White "Meinecke, Florian"]
[Black "Esper, Christian"]
[Result "1/2-1/2"]
[WhiteElo "1968"]
[BlackElo "1979"]
[PlyCount "64"]
[EventDate "2019.07.20"]
[EventType "swiss"]
[EventRounds "9"]
[EventCountry "SUI"]
[SourceTitle "EXT 2020"]
[Source "ChessBase"]
[SourceDate "2019.10.17"]
[SourceVersion "1"]
[SourceVersionDate "2019.10.17"]
[SourceQuality "1"]

1. d4 d5 2. Bf4 Nf6 3. e3 e6 4. Nd2 Nbd7 5. c3 Be7 6. Bd3 c5 7. h3 b6 8. Ngf3 Bb7 9. 0-0 0-0 10. Ne5 Nxe5 11. dxe5 Nd7 12. Qg4 Kh8 13. Nf3 Qe8 14. Ng5 h6 15. Nh7 Rg8 16. Nf6 Nxf6 17. exf6 Bxf6 18. Qh5 Qf8 19. h4 g6 20. Qxh6+ Qxh6 21. Bxh6 Bxh4 22. Bf4 Bf6 23. f3 Kg7 24. Kf2 Rh8 25. Rh1 c4 26. Bc2 b5 27. Rxh8 Kxh8 28. Bd6 a5 29. a3 Kg7 30. f4 Ra6 31. Bc7 Be7 32. g4 Bd6 1/2-1/2

[Event "Biel ATO op 52nd"]
[Site "Biel"]
[Date "2019.07.28"]
[Round "6"]
[White "Meinecke, Florian"]
[Black "Altok, Mesut"]
[Result "1/2-1/2"]
[WhiteElo "1968"]
[BlackElo "1825"]
[PlyCount "84"]
[EventDate "2019.07.20"]
[EventType "swiss"]
[EventRounds "9"]
[EventCountry "SUI"]
[SourceTitle "EXT 2020"]
[Source "ChessBase"]
[SourceDate "2019.10.17"]
[SourceVersion "1"]
[SourceVersionDate "2019.10.17"]
[SourceQuality "1"]

1. d4 Nf6 2. Bf4 d5 3. e3 c5 4. c3 Nc6 5. Nd2 cxd4 6. exd4 g6 7. Bd3 Nh5 8. Bg3 Bh6 9. Ne2 0-0 10. h3 Nxg3 11. Nxg3 e5 12. dxe5 Nxe5 13. Be2 Bf4 14. Nf3 Re8 15. 0-0 Bxg3 16. fxg3 Nc4 17. Bxc4 Qb6+ 18. Qd4 Qxd4+ 19. Nxd4 dxc4 20. Rfe1 Bd7 21. Kf2 f6 22. Re2 Rxe2+ 23. Nxe2 Kf7 24. Rd1 Ke7 25. Nf4 Rd8 26. h4 Bc6 27. Rxd8 Kxd8 28. Ke3 Ke7 29. Kd4 g5 30. Nd5+ Ke6 31. Ne3 b5 32. Kc5 Bd7 33. a4 bxa4 34. Kxc4 h5 35. Kd4 Bc6 36. c4 Be8 37. Nd5 Bc6 38. Kc5 Bb7 39. Kd4 Bc6 40. Ne3 Be8 41. Nd5 Bc6 42. Ne3 Be8 1/2-1/2

[Event "Rhein Main op-B 22nd"]
[Site "Bad Homburg"]
[Date "2019.06.22"]
[Round "6"]
[White "Meinecke, Florian"]
[Black "Janzen, Andreas"]
[Result "1-0"]
[WhiteElo "1896"]
[BlackElo "1848"]
[PlyCount "91"]
[EventDate "2019.06.19"]
[EventType "swiss"]
[EventRounds "7"]
[EventCountry "GER"]
[SourceTitle "EXT 2020"]
[Source "ChessBase"]
[SourceDate "2019.10.17"]
[SourceVersion "1"]
[SourceVersionDate "2019.10.17"]
[SourceQuality "1"]

1. d4 Nf6 2. Bf4 d5 3. e3 Bf5 4. c4 c6 5. Qb3 Qb6 6. c5 Qxb3 7. axb3 Nbd7 8. Nc3 Nh5 9. b4 Nxf4 10. exf4 Nf6 11. b5 Ne4 12. Nge2 Nxc3 13. Nxc3 Bd7 14. Kd2 g6 15. Ke3 Bg7 16. Be2 0-0 17. Ra2 cxb5 18. Bxb5 Bxb5 19. Nxb5 a6 20. Nc3 e6 21. Kd3 Rac8 22. b4 Rc6 23. Rb1 Rfc8 24. b5 axb5 25. Rxb5 Bf8 26. Rxb7 Bxc5 27. dxc5 Rxc5 28. Ne2 R8c7 29. Raa7 Rxb7 30. Rxb7 Ra5 31. Nc3 Kg7 32. Rb2 Rc5 33. Rb4 Rc7 34. g3 Ra7 35. Rb3 Rc7 36. Nb5 Rd7 37. Kd4 Kf6 38. Kc5 Rd8 39. Nd6 Rd7 40. Rb7 Rxb7 41. Nxb7 e5 42. fxe5+ Kxe5 43. f3 h5 44. Nd8 f6 45. Nc6+ Kf5 46. Kxd5 1-0

[Event "Mittelrhein Verbandsliga-S 18/19"]
[Site "Nordrheinwestfalen"]
[Date "2018.10.28"]
[Round "3.4"]
[White "Wegener, Marcus"]
[Black "Meinecke, Florian"]
[Result "1/2-1/2"]
[WhiteElo "1977"]
[BlackElo "1924"]
[PlyCount "57"]
[EventDate "2018.09.02"]
[EventType "team-tourn"]
[EventRounds "11"]
[EventCountry "GER"]
[SourceTitle "EXT 2022"]
[Source "ChessBase"]
[SourceDate "2021.10.06"]
[SourceVersion "1"]
[SourceVersionDate "2021.10.06"]
[SourceQuality "1"]
[WhiteTeam "Porz SG IV"]
[BlackTeam "St Augustin Turm"]
[WhiteTeamCountry "GER"]
[BlackTeamCountry "GER"]

1. e4 c6 2. d4 d5 3. exd5 cxd5 4. Bd3 Nf6 5. c3 Nc6 6. h3 e6 7. Bf4 Bd6 8. Bxd6 Qxd6 9. Nf3 0-0 10. 0-0 Bd7 11. Re1 Rfc8 12. Nbd2 Na5 13. Ne5 b5 14. Ndf3 Nc4 15. Qe2 a6 16. Ng5 Be8 17. Rad1 h6 18. Ngf3 Nd7 19. Bb1 Ndxe5 20. Nxe5 Nxe5 21. dxe5 Qc5 22. Qd3 g6 23. h4 b4 24. cxb4 Qxb4 25. h5 Qf4 26. hxg6 fxg6 27. Qh3 Rc6 28. Re3 Kg7 29. g3 1/2-1/2

[Event "Mittelrhein Verbandsliga-O 16/17"]
[Site "Nordrheinwestfalen"]
[Date "2016.09.11"]
[Round "1"]
[White "Spindler, Florian"]
[Black "Meinecke, Florian"]
[Result "1-0"]
[WhiteElo "1910"]
[BlackElo "1716"]
[PlyCount "43"]
[EventDate "2016.09.11"]
[EventType "team-tourn"]
[EventRounds "11"]
[EventCountry "GER"]
[SourceTitle "EXT 2022"]
[Source "ChessBase"]
[SourceDate "2021.10.06"]
[SourceVersion "1"]
[SourceVersionDate "2021.10.06"]
[SourceQuality "1"]
[WhiteTeam "Porz SG IV"]
[BlackTeam "St Augustin Turm"]
[WhiteTeamCountry "GER"]
[BlackTeamCountry "GER"]

1. e4 e6 2. d4 d5 3. Nd2 Nf6 4. e5 Nfd7 5. Bd3 c5 6. c3 Nc6 7. Ne2 Be7 8. 0-0 Qb6 9. Nf3 cxd4 10. cxd4 f6 11. Nf4 Ncxe5 12. Nxe5 fxe5 13. Qh5+ Kd8 14. dxe5 Rf8 15. Bxh7 Nc5 16. Ng6 Rf5 17. Qe2 Bg5 18. Bxg5+ Rxg5 19. Nh8 Ke7 20. h4 Qd8 21. Ng6+ Rxg6 22. Bxg6 1-0